00706 a2200205 4500010001400000020002300014035001300037037001600050082001600066090001500082100001700097245006600114260004400180270004600224300002400270500002000294942003100314999001500345952014000360 aENG-88560 a8182471214c495.00 aEN-72093 bDBAD / PUB14a320.9540905 c8906d89061 aSingal, R.L.1 aChanging panorama of life since independence/cby R.L. Singal aChandigarhbAbhishek Publicationsc2006 aS.C.O.57-59 Sector 17-C,bChandigarhe-17 a236p. :c22cm (Hb) aIncludes index adplcENk320.9540905 / SIN c8745d8745 00102ddc40718NFICaDBADbDBADeDBAD/PUBg495.00l0o320.9540905 SINpEN-72093r2008-09-15 00:00:00t1u9689v495.00w2008-09-15yEN